000 00323nam a22001457a 4500
020 _a978-93-86429-29-2
082 _a894.812.3
_bHAM/C
100 _aHAMSAKOYA, P.A
245 _aPODIKKATIL MOODIYA KRASIDA
260 _aTHRISSUR
_bCURRENT BOOKS
_c2021
300 _a139
520 _aNOVEL
650 _aNOVEL
942 _cBK
999 _c4921
_d4921